| 000 | 00891cam a2200277 a 4500 | ||
|---|---|---|---|
| 001 | 000019814 | ||
| 005 | 20200929170141.0 | ||
| 008 | 770214s1969 sp 001 e spa d | ||
| 035 | _a(DLC) 41009654 | ||
| 035 | _a(OCoLC)2736567 | ||
| 040 |
_aDO-SdBNP _bspa _cMdU-BC _dBNPHU |
||
| 082 |
_a864.6 _bM542a, 1969 |
||
| 100 | 1 |
_aMenéndez Pidal, Ramón, _d1869-1968 _93902 |
|
| 245 | 1 | 0 |
_aAntología de prosistas españoles / _cRamón Menéndez Pidal. |
| 250 | _a9a ed. | ||
| 260 |
_aMadrid : _bEspasa-Calpe, _c1969. |
||
| 300 |
_a261 p. ; _c18 cm. |
||
| 490 | 1 |
_aAustral. Verde: ensayos y filosofía _v110 |
|
| 500 | _aIncluye índice de autores | ||
| 650 | 4 |
_aEnsayos españoles _93095 |
|
| 650 | 4 |
_aLiteratura española _xHistoria y crítica _93904 |
|
| 650 | 4 |
_aProsa española _915565 |
|
| 830 | 0 |
_aAustral. _pVerde: ensayos y filosofía; _v110 _98733 |
|
| 910 | _aWM | ||
| 049 | _aBNGR | ||
| 999 |
_c19327 _d19327 |
||